| 000 | 01159nam a2200265 i 4500 | ||
|---|---|---|---|
| 001 | 184250 | ||
| 003 | ES-MaACL | ||
| 005 | 20250809233218.0 | ||
| 008 | 150529s2010 sp |||| | spa d | ||
| 020 | _a978-84-613-7553-0 | ||
| 080 | _a347.426(460) | ||
| 080 | _a347.447.7(460) | ||
| 100 | 1 |
_aMorales Moreno, Antonio-Manuel. _983056 |
|
| 245 | 1 | 0 |
_aIncumplimiento del contrato y lucro cesante _b: discurso leído el día 8 de febrero de 2010 en el acto de su recepción pública como académico de número por el Excmo. Sr. D. Antonio Manuel Morales Moreno, y contestación del Excmo. Sr. D. Luis Díez-Picazo y Ponce de León. |
| 260 |
_aMadrid : _bReal Academia de Jurisprudencia y Legislación, _c2010. |
||
| 300 |
_a200 p. ; _c24 cm. |
||
| 650 | 7 |
_aLucro cesante- _zEspaña. _9156920 |
|
| 650 | 7 |
_aIncumplimiento de contrato. _9156416 |
|
| 650 | 4 |
_aDaños y perjuicios. _9152591 |
|
| 700 | 1 |
_aDíez-Picazo, Luis, _d1931- _9156922 |
|
| 852 |
_aES-MaACL _jA-13491 _9191235 _bR.150275 _cDEPO1 _dOlim: N-6491 _hDonación: Antonio Morales |
||
| 903 |
_983056 _aMorales Moreno, Antonio-Manuel _ednr |
||
| 942 |
_2udc _cMONOGRAFIA |
||
| 999 |
_c184250 _d184250 |
||